00817nam a22002177a 450000500170000001000150001702000260003203500130005803700130007108200080008410000240009224501080011626000450022427000500026930000260031950000510034570000310039694200220042799900170044995201330046620100814144027.0 aENG-100492 c230.00a9788190477345 aEN-84025 bDBAD/PUB a270 aBadri, Malik913949 aContemplation :cby Malik Badri; translated by Abdul- wahid Lu'Lu'Aban Islamic psychospiritual study / aNew DelhibAl Ittehad Publicationsc2009 aB-35 (LGF) Nizamuddin WestbNew Delhie110013 axv, 136p.c23cm (pbk) a includes bibliographical references and index aAbdul-Wahid Lu'Lu'A913414 2ddccENh270mBAD c41926d41926 001040718NFICaDBADbDBADd2010-08-14eDBAD/PUBg230.00l0o270 BADpEN-84025r2010-08-14 00:00:00t1v230.00w2010-08-14yEN